000 00943cam a2200169 4500
001 ABS61168
008 000000n1999 000 0 eng u
035 _a(Sirsi) u101756
100 _aAlderson, F.
245 _aFast act to follow.
260 _c1999
490 _aConstruction News
_v(6633) 16 September 1999, 34(1)
520 _aDiscusses court enforcement of adjudication awards, looking at Macob Civil Engineering v Morrison Construction and Outwing Construction v H Randell & Son. Proceedings are instituted under the Arbitration Act 1996 s42. The courts have supported parliament's intention that enforcement proceedings should be quick and effective.
650 _aMANAGEMENT-DISPUTE AVOIDANCE, MANAGEMENT AND RESOLUTION-DISPUTE MANAGEMENT AND RESOLUTION-ALTERNATIVE DISPUTE RESOLUTION-ADJUDICATION
690 _aMANAGEMENT-DISPUTE AVOIDANCE, MANAGEMENT AND RESOLUTION-DISPUTE MANAGEMENT AND RESOLUTION-ARBITRATION
942 _n0
999 _c60872
_d60872